15 villes les plus peuplées sur l'Aude - Statistiques

Statistiques générales
  • Ce quiz a été pris 28 fois
  • Le résultat moyen est 5 sur 15
Statistiques - réponses
Département Population Commune % Correct
Aude 46080 Carcassonne
96%
Aude 57587 Narbonne
92%
Aude 10532 Limoux
80%
Aude 10343 Lézignan Corbières
60%
Aude 2978 Quillan
40%
Aude 4246 Fleury
28%
Aude 5737 Coursan
24%
Aude 5361 Trèbes
24%
Aude 4079 Cuxac d'Aude
20%
Aude 2093 Moussan
12%
Aude 3396 Salles d'Aude
12%
Hérault 2616 Vendres
12%
Hérault 3414 Lespignan
8%
Aude 3179 Sallèles d'Aude
8%
Aude 2118 Saint Nazaire d'Aude
4%
Aucun quiz correspondant
Distribution des résultats
% des personnes avec chaque résultat
Percentile par nombre de réponses
Votre historique - résultats
Vous n’avez pas pris ce quiz